000 00500nam a2200133 a 4500
008 120416s1966 ||||||||||||||||| || u
050 _aTP 270 For
100 _aFordham, Stanley
245 1 0 _aHigh explosives and propellants
260 _aOxford
_bPergamon Press
_c1966
300 _axi, 224p. : ill.
350 _a0.00
995 _D0.00
_FCBU-MAIN LIBRARY (Kitwe)
_H1
_I1.50
_M1
_UWEEDED
_VAug 31, 2017
_WApr 4, 2007
_ZMain Library Open Access Collection
999 _c45512
_d45512